[Event "Liberec op 17th"]
[Site "Liberec"]
[Date "2017.03.04"]
[Round "9"]
[White "Atabayeva, Ogulgerek"]
[Black "Czarniecka, Aleksandra"]
[Result "1/2-1/2"]
[WhiteElo "1975"]
[BlackElo "1728"]
[PlyCount "54"]
[EventDate "2017.02.25"]
[EventType "swiss"]
[EventRounds "9"]
[EventCountry "CZE"]
[SourceTitle "CBM 177 Extra"]
[Source "ChessBase"]
[SourceDate "2017.04.27"]
[SourceVersion "1"]
[SourceVersionDate "2017.04.27"]
[SourceQuality "1"]

1. e4 c5 2. Nf3 d6 3. d4 cxd4 4. Nxd4 Nf6 5. Nc3 a6 6. Bg5 e6 7. f4 Qb6 8. a3 Nc6 9. Nxc6 bxc6 10. Rb1 Be7 11. e5 dxe5 12. fxe5 Nd5 13. Bxe7 Nxe7 14. Bd3 0-0 15. Qe2 Ng6 16. Rf1 Bb7 17. Rf3 Qd4 18. Bxg6 fxg6 19. Rd1 Qb6 20. Qe3 c5 21. Rxf8+ Rxf8 22. g3 h6 23. Na4 Qa5+ 24. Nc3 Qb6 25. Na4 Qa5+ 26. Nc3 Qb6 27. Na4 Qa5+ 1/2-1/2

[Event "Osh zt 3.4 (Women)"]
[Site "Osh"]
[Date "2013.06.15"]
[Round "9"]
[White "Atabayeva, Ogulgerek"]
[Black "Muminova, Nafisa"]
[Result "0-1"]
[WhiteElo "1994"]
[BlackElo "2321"]
[PlyCount "128"]
[EventDate "2013.06.07"]
[EventType "swiss"]
[EventRounds "9"]
[EventCountry "KGZ"]
[SourceTitle "CBM 154 Extra"]
[Source "ChessBase"]
[SourceDate "2013.06.25"]
[SourceVersion "2"]
[SourceVersionDate "2013.06.25"]
[SourceQuality "1"]

1. e4 e5 2. d4 exd4 3. Qxd4 Nc6 4. Qe3 g6 5. Bd2 Bg7 6. Nc3 Nge7 7. 0-0-0 0-0 8. Nge2 d5 9. Nxd5 Nxd5 10. exd5 Qxd5 11. Qa3 Bf5 12. Nf4 Qd6 13. Qxd6 cxd6 14. Bd3 Bd7 15. Kb1 Ne5 16. Be4 Bc6 17. Bxc6 bxc6 18. Bb4 Nc4 19. b3 a5 20. Be1 Na3+ 21. Kc1 a4 22. b4 Nc4 23. c3 Rfe8 24. Bd2 Nxd2 25. Kxd2 Bh6 26. g3 Re4 27. Kd3 d5 28. Ng2 Re7 29. f4 Bg7 30. Rhe1 Rc7 31. Ne3 Kf8 32. Re2 h5 33. h4 Rd8 34. Kc2 Re7 35. Ree1 Re4 36. Kd3 f5 37. a3 d4 38. cxd4 Bxd4 39. Kc2 Rde8 40. Ng2 Bf2 41. Rxe4 fxe4 42. Kd2 Rd8+ 43. Ke2 Rxd1 44. Kxd1 Bd4 45. Ne1 Ke7 46. Ke2 Ke6 47. Nc2 Bb2 48. Kd2 Bf6 49. Ne3 Bd4 50. Nc4 Bf2 51. Nb2 Bxg3 52. Ke3 Kf5 53. Nxa4 Bxf4+ 54. Ke2 Bc1 55. Nc3 Bxa3 56. b5 cxb5 57. Nxb5 Be7 58. Ke3 Bc5+ 59. Ke2 Kg4 60. Nc3 e3 61. Nd5 Kxh4 62. Nf4 g5 63. Nd3 Bd4 64. Ne1 g4 0-1

[Event "Osh zt 3.4 (Women)"]
[Site "Osh"]
[Date "2013.06.11"]
[Round "5"]
[White "Atabayeva, Ogulgerek"]
[Black "Antonova, Nadezhda"]
[Result "1/2-1/2"]
[WhiteElo "1994"]
[BlackElo "1929"]
[PlyCount "136"]
[EventDate "2013.06.07"]
[EventType "swiss"]
[EventRounds "9"]
[EventCountry "KGZ"]
[SourceTitle "CBM 154 Extra"]
[Source "ChessBase"]
[SourceDate "2013.06.25"]
[SourceVersion "2"]
[SourceVersionDate "2013.06.25"]
[SourceQuality "1"]

1. e4 d6 2. d4 Nf6 3. Nc3 e5 4. dxe5 dxe5 5. Qxd8+ Kxd8 6. Bc4 Ke8 7. Nf3 Bd6 8. Bg5 c6 9. 0-0-0 Bc7 10. Rhe1 Nbd7 11. a3 h6 12. Bd2 b5 13. Ba2 a5 14. h3 Nc5 15. b4 axb4 16. axb4 Ncxe4 17. Nxe4 Nxe4 18. Rxe4 Rxa2 19. Kb1 Bf5 20. Rxe5+ Bxe5 21. Kxa2 Bf6 22. c3 Ke7 23. Kb2 Rd8 24. Re1+ Be6 25. Ra1 Bd5 26. Be3 Bxf3 27. gxf3 Rd3 28. Ra3 Rd7 29. Ra6 Kd6 30. Kb3 Kd5 31. Ra1 Ke6 32. Ra6 Kd5 33. Bc5 Rc7 34. Ra1 Ke6 35. Ra6 Be5 36. c4 bxc4+ 37. Kxc4 Kd7 38. Ra7 Ke6 39. Ra2 Kf5 40. Be3 Bd6 41. Rd2 Ke6 42. Bc5 Be5 43. Rd8 Rd7 44. Rc8 Rc7 45. Rd8 Rd7 46. Rc8 Rc7 47. Re8+ Kf5 48. Bb6 Rb7 49. Kc5 Bd4+ 50. Kxd4 Rxb6 51. Kc5 Rb5+ 52. Kc4 Rb6 53. Re7 Kf6 54. Re4 Rb5 55. Re8 Rb6 56. Ra8 Ke6 57. Rg8 Kf6 58. Re8 Kf5 59. Re4 Rb5 60. Re7 Kf6 61. Ra7 Ke6 62. Rc7 Rb6 63. Rc8 Kd7 64. Rg8 g6 65. Rf8 Ke7 66. Rc8 Kd7 67. Rf8 Ke7 68. Rc8 Kd7 1/2-1/2

[Event "Olympiad Women-40"]
[Site "Istanbul"]
[Date "2012.08.29"]
[Round "2.4"]
[White "Rakic, Marija"]
[Black "Atabayeva, Ogulgerek"]
[Result "1-0"]
[WhiteElo "2300"]
[BlackElo "1917"]
[PlyCount "47"]
[EventDate "2012.08.28"]
[EventType "team-swiss"]
[EventRounds "11"]
[EventCountry "TUR"]
[SourceTitle "CBM 150 Extra"]
[Source "ChessBase"]
[SourceDate "2012.10.19"]
[SourceVersion "1"]
[SourceVersionDate "2012.10.19"]
[SourceQuality "1"]
[WhiteTeam "Serbia (W)"]
[BlackTeam "Turkmenistan (W)"]
[WhiteTeamCountry "SRB"]
[BlackTeamCountry "TKM"]

1. d4 Nf6 2. c4 c5 3. d5 e5 4. Nc3 d6 5. e3 Be7 6. Bd3 0-0 7. Nge2 Ne8 8. 0-0 g6 9. f4 Nd7 10. Ng3 f5 11. e4 fxe4 12. Ngxe4 Ng7 13. Nb5 Ne8 14. Ng3 a6 15. Nc3 Ng7 16. f5 gxf5 17. Nxf5 Nxf5 18. Bxf5 Nf6 19. Bh6 Re8 20. Bc2 Bf8 21. Bg5 Be7 22. Qd3 e4 23. Nxe4 Ng4 24. Nxd6 1-0